000 nam a22 a 4500
999 _c2593
_d2593
003 AKMAL
005 20170517114808.0
008 170517s2000 my 00 eng d
020 _a9832106028 (kkt.):
_cRM 5.90
040 _aAKMAL
_cAKMAL
049 0 0 _amal
082 0 4 _a616.994 MIL
_221
090 0 0 _a616.994
_bMIL
090 2 0 _a616.994
_bMIL
245 1 0 _aCancer :
_bnutrition answers /
_cBruce Miller
260 _aKuala Lumpur :
_bOak Enterprise,
_c2000
440 0 _aBruce Miller's better health series
_95150
650 0 _aCancer
_xNutritional aspects
_95416
650 0 _aCancer
_xDiet therapy
_95417
942 _2ddc
_cBOOK